Bridging the performance gap (Record no. 115329)
[ view plain ]
| 000 -LEADER | |
|---|---|
| fixed length control field | 02094cam a22002895a 4500 |
| 001 - CONTROL NUMBER | |
| control field | L158467 |
| 008 - FIXED-LENGTH DATA ELEMENTS--GENERAL INFORMATION | |
| fixed length control field | 130613s2015 xxk f 000 0 eng d |
| 020 ## - INTERNATIONAL STANDARD BOOK NUMBER | |
| International Standard Book Number | 9781848064089 |
| 035 ## - SYSTEM CONTROL NUMBER | |
| System control number | (Sirsi) u158467 |
| 041 0# - LANGUAGE CODE | |
| Language code of text/sound track or separate title | eng |
| 100 1# - MAIN ENTRY--PERSONAL NAME | |
| Personal name | Lewry, A. |
| 245 00 - TITLE STATEMENT | |
| Title | Bridging the performance gap |
| Remainder of title | Understanding predicted and actual energy use of buildings |
| 260 ## - PUBLICATION, DISTRIBUTION, ETC. | |
| Place of publication, distribution, etc. | Watford |
| Name of publisher, distributor, etc. | BRE |
| Date of publication, distribution, etc. | 2015 |
| 300 ## - PHYSICAL DESCRIPTION | |
| Extent | 12p. |
| Other physical details | ill. |
| Dimensions | 30cm. |
| 490 #0 - SERIES STATEMENT | |
| Series statement | BRE Information Paper |
| Volume/sequential designation | (1/15) |
| 520 ## - SUMMARY, ETC. | |
| Summary, etc. | Looks at a way to bridge a gap between predicted and actual performance of buildings, and bring together the energy performance certificate (EPC) and display energy certificate (DEC) assessments using the Green Deal Assessment tool for non-domestic buildings, which allows the input of non-standard operating conditions, hours of operation and occupancy patterns. By defining these aspects of the building 'in use', the predicted energy performance of the asset can be brought closer to the in-use reality. The non-domestic Green Deal assessment tool is based on iSBEM (www.ncm-sbem.org.uk) and has the ability to link NDEPCs and DECs. |
| 520 ## - SUMMARY, ETC. | |
| Summary, etc. | Simplified Building Energy Model (SBEM) is software tool used to create a non-domestic energy performance certificate (NDEPC). It forms part of DCLG's process for implementing the EU Energy Performance of Buildings Directive (EPBD). An NDEPC can be generated using the tool iSBEM, which is the free downloadable user interface for SBEM (www.ncm.bre.co.uk). |
| 520 ## - SUMMARY, ETC. | |
| Summary, etc. | Operational Rating Calculation (ORCalc) software is used to calculate the operational rating of a building from annual utility consumption. It also produces the DEC and an advisory report providing advice on energy efficiency measures. http://gov.uk/government/publications/display-energy-certificate-software-specification. |
| 521 ## - TARGET AUDIENCE NOTE | |
| Target audience note | Advanced |
| 650 24 - SUBJECT ADDED ENTRY--TOPICAL TERM | |
| Topical term or geographic name entry element | GREEN DEAL |
| 650 24 - SUBJECT ADDED ENTRY--TOPICAL TERM | |
| Topical term or geographic name entry element | ENERGY PERFORMANCE CERTIFICATES |
| 650 24 - SUBJECT ADDED ENTRY--TOPICAL TERM | |
| Topical term or geographic name entry element | DISPLAY ENERGY CERTIFICATE |
| 650 24 - SUBJECT ADDED ENTRY--TOPICAL TERM | |
| Topical term or geographic name entry element | ASSET AND OPERATIONAL RATINGS |
| 651 #4 - SUBJECT ADDED ENTRY--GEOGRAPHIC NAME | |
| Geographic name | ENGLAND AND WALES |
| 690 ## - LOCAL SUBJECT ADDED ENTRY--TOPICAL TERM (OCLC, RLIN) | |
| Topical term or geographic name as entry element | Energy |
| 9 (RLIN) | 6237 |
| 942 ## - ADDED ENTRY ELEMENTS (KOHA) | |
| Suppress in OPAC | 0 |
| Withdrawn status | Lost status | Source of classification or shelving scheme | Damaged status | Not for loan | Home library | Current library | Shelving location | Date acquired | Total Checkouts | Full call number | Barcode | Date last seen | Copy number | Price effective from | Koha item type |
|---|---|---|---|---|---|---|---|---|---|---|---|---|---|---|---|
| Dewey Decimal Classification | London | London | BRE publications | 12/03/2015 | BRE | 30078808 | 06/08/2019 | 1 | 06/08/2019 | Book |